Theory of green strength in natural rubber (Record no. 71189)

MARC details
000 -LEADER
fixed length control field 00427nam a2200145Ia 4500
100 ## - MAIN ENTRY--AUTHOR NAME
Personal name McGill W J
245 #0 - TITLE STATEMENT
Title Theory of green strength in natural rubber
260 ## - PUBLICATION, DISTRIBUTION, ETC. (IMPRINT)
Name of publisher Rubbercon 87: Proceedings of the International Rubber Conference, U.K, 1987, Group A, p5A. 1-3
650 ## - SUBJECT ADDED ENTRY--TOPICAL TERM
Topical Term Green strength
650 ## - SUBJECT ADDED ENTRY--TOPICAL TERM
Topical Term NR
700 ## - ADDED ENTRY--PERSONAL NAME
Personal name Cameron A
700 ## - ADDED ENTRY--PERSONAL NAME
Personal name Jooste D A
942 ## - ADDED ENTRY ELEMENTS (KOHA)
Koha item type Journals
Holdings
Withdrawn status Lost status Damaged status Not for loan Home library Current library Shelving location Date acquired Koha item type
      Journals RRII Library RRII Library Rubber chemistry 17/12/2021 Journals